Follow That Line: Poetry Quiz Stats

 Plays Quiz Updated Nov 10, 2014

Also try: Incomplete Poetry
Challenge
Share
Tweet
Embed
Score 0/25 Timer 10:00
0 Plays Today
% Correct
Thou art more lovely and more temperate.
82.6%
and all talking's talking to oneself
79%
Did gyre and gimble in the wabe:
76.8%
Lilacs out of the dead land, mixing
71.5%
Over many a quaint and curious volume of forgotten lore,
69.1%
A stately pleasure-dome decree
67.2%
Prevent the dog from barking with a juicy bone,
67.2%
That floats on high o'er vales and hills
66.8%
Near where the charter'd Thames does flow.
66.3%
The squat pen rests; snug as a gun.
65.9%
Looking as if she were alive. I call
65.3%
Gone far away into the silent land;
65.3%
Enwrought with golden and silver light,
62.5%
% Correct
Were thickly crusted, one and all:
61%
Great chieftain o the puddin'-race!
61%
Old age should burn and rave at close of day;
59.6%
The earl and countess lie in stone
56.9%
Any more, black shoe
56.2%
With your bitter, twisted lies,
55.2%
Thou foster-child of silence and slow time,
51%
I give you an onion.
47.7%
It isn't fit for humans now,
45.6%
Saying that now you are not as you were
45.4%
Of cloudless climes and starry skies
40.5%
The woods crashing through darkness, the booming hills,
22.9%

You're not logged in!

Compare scores with friends on all Sporcle quizzes.
Join for Free
OR
Log In

You Might Also Like...

Show Comments

Extras

Top Quizzes Today


Score Distribution

Your Account Isn't Verified!

In order to create a playlist on Sporcle, you need to verify the email address you used during registration. Go to your Sporcle Settings to finish the process.

Report this User

Report this user for behavior that violates our Community Guidelines.

Details: